1991 1679 1119 1327 1947 1549 1023 1820 1775 1702 1091 1308 1429 1301 1007 1748 1075 1878 1110 1936 1563 1044 1640 1946 1106 1276 1948 1843 1750 1844 1028 1756 1017 1298 1839 1184 1719 1990 1091 1774 1582 1396 1634 1908 1383 1141 1341 1516 1532 1487 1048 1773 1899 1126 1697 1189 1951 1810 1825 1969 1468 1620 1007 1168 1951 1910 1325 1767 1444 1215 1794 1421 1990 1329 1948 1022 1407 1224 1779 1955 1046 1728 1546 1597 1388 1131 1216 1927 1782 1020 1553 1144 1686 1375 1760 1193 1193 1179 1416 BCNSPRNW ULIB Ver.6.0+V

เปลี่ยนเป็นภาษาไทย

Change to English
 แสดงรายละเอียดบรรณานุกรม
  กลับหน้าหลัก

Brief Record : Get Marc (ISO 2709) : E-mail record : QR code < ปิดหน้าต่าง
LEADER : 00000nam 2200000uu 4500
001    13399111064
003     ULIB
008    110615s||||||||th 000 0 tha d
020    9789747656039
050  4 BF412^bน284อ 2550
245 00 อัจฉริยะรอบโลก /^cนลิน พรประทาน ... [และคนอื่นๆ],ผู้เรียบเรียง
260    กรุงเทพฯ :^bเวิร์คพอยท์ พับลิชชิ่ง,^c2550
300    397 หน้า :^bภาพประกอบ(สีบางภาพ) ;^c30 ซม.
650  7 อัจฉริยบุคคล
650  7 อัจฉริยบุคคล^xชีวประวัติ
650  7 นักวิทยาศาสตร์
650  7 นักวิทยาศาสตร์^xชีวประวัติ
650  7 นักประดิษฐ์^xชีวประวัติ
700 1  นลิน พรประทาน,^eผู้เรียบเรียง
945    ^p0^l0^i020953
995    ทศพร
999 ^a ใช้งานได้ทุกระบบ
รายการนี้ยังไม่มีแท็ก
คุณยังไม่ได้ล็อกอิน คุณสามารถมีกิจกรรมร่วมกับเว็บไซต์ได้ แต่ต้องล็อกอินก่อน ::
  ล็อกอิน

รายการสื่อสารสนเทศ

ลำดับที่ ประเภท เลขเรียก/บาร์โค้ด สถานที่ สถานะ
- ไม่พบข้อมูล -

รายการใกล้เคียง
    หัวเรื่อง [อัจฉริยบุคคล]
    หัวเรื่อง [นักวิทยาศาสตร์]

BibComment


ยังไม่เคยถูกคอมเมนท์

คอมเมนท์ทรัพยากรรายการนี้
  คอมเมนท์: อัจฉริยะรอบโลก น..


 Copyright 2026. Bcnsprnw @Library